| 000 | 00609nam a2200253Ia 4500 | ||
|---|---|---|---|
| 003 | OSt | ||
| 005 | 20220912145803.0 | ||
| 006 | a|||||r|||| 00| 0 | ||
| 007 | ta | ||
| 008 | 220909b |||||||| |||| 00| 0 eng d | ||
| 024 | _a76276 | ||
| 037 | _cTextbook | ||
| 040 |
_aCSL _beng _cCSL |
||
| 041 | _aeng | ||
| 082 | _aC295y8, J2;8 | ||
| 100 | _aBleuler | ||
| 245 | 0 | _aExperimental nucleonics | |
| 260 | _c1952 | ||
| 300 |
_ap. _ccm. |
||
| 650 | _aExperimental nucleonics | ||
| 700 | _a Goidsmith | ||
| 942 |
_hC295y8, J2;8 _cTB _2CC |
||
| 999 |
_c38291 _d38291 |
||